LIBRARY & INFORMATION CENTRE, KCAET, TAVANUR

ONLINE PUBLIC ACCESS CATALOGUE (OPAC)

Green roof feasibility study (Record no. 15005)

MARC details
000 -LEADER
fixed length control field 00579nam a22001817a 4500
003 - CONTROL NUMBER IDENTIFIER
control field OSt
088 ## - REPORT NUMBER
Report number P 333
100 ## - MAIN ENTRY--AUTHOR NAME
Personal name APARNA MOHANDAS
-- ARTSEN P. GEORGE
-- SHARON L. GEORGE
245 ## - TITLE STATEMENT
Title Green roof feasibility study
260 ## - PUBLICATION, DISTRIBUTION, ETC. (IMPRINT)
Place of publication Tavanur 2016
Name of publisher Department of Irrigation & Drainage Engineering
300 ## - PHYSICAL DESCRIPTION
Number of Pages 40
500 ## - GENERAL NOTE
General note Green roof feasibility study
520 ## - SUMMARY, ETC.
Summary, etc Green roof feasibility study
700 ## - ADDED ENTRY--PERSONAL NAME
Personal name Dr. Asha Joseph (Guide)
856 ## - ELECTRONIC LOCATION AND ACCESS
Uniform Resource Identifier https://drive.google.com/open?id=10aW0nle2Tp0gkTvrCpcIP6OM7NXxyI9j
942 ## - ADDED ENTRY ELEMENTS (KOHA)
Koha item type Project Report
Holdings
Collection code Home library Current library Shelving location Full call number Accession Number Koha item type
Reference KAUAET KAUAET Reference 631.587 APA/GR P 333 Project Report
free website counter